[Event "Helmut-Kohls-Turnier 2017"]
[Site "Dortmund GER"]
[Date "2017.07.15"]
[Round "1.1"]
[White "Nguyen, Kevin"]
[Black "Stemmler, Fabian"]
[Result "1/2-1/2"]
[WhiteElo "2194"]
[BlackElo "1972"]
[WhiteFideId "1046349"]
[BlackFideId "12964808"]
[EventDate "2017.07.15"]

1. e4 e6 2. d4 d5 3. Nd2 Nf6 4. Bd3 c5 5. c3 cxd4 6. cxd4 dxe4 7. Nxe4 Nxe4 8.
Bxe4 Bb4+ 9. Bd2 Bxd2+ 10. Qxd2 Nd7 11. Ne2 Nf6 12. Bf3 O-O 13. O-O Rb8 14. Rac1
b6 15. Rc3 Bb7 16. Ng3 Bxf3 17. Rxf3 Qd5 18. Rd1 Ne4 19. Nxe4 Qxe4 20. d5 Qxd5
21. Qxd5 exd5 22. Rxd5 Rfd8 23. Rfd3 Rxd5 24. Rxd5 Rc8 25. g4 g6 26. Kg2 Rc2 27.
Rb5 Kg7 28. Kg3 h6 29. h4 Kf6 30. f3 Rd2 31. a4 Rd4 32. b4 Ke6 33. a5 bxa5 34.
bxa5 Ra4 35. Kh3 Ra3 36. Kg2 Ra2+ 37. Kg3 Ra4 38. Rc5 Kd6 39. Rb5 Ke6 1/2-1/2

[Event "Helmut-Kohls-Turnier 2017"]
[Site "Dortmund GER"]
[Date "2017.07.15"]
[Round "1.2"]
[White "Korten, Lando"]
[Black "Kueppers, Timo"]
[Result "0-1"]
[WhiteElo "2146"]
[BlackElo "2033"]
[WhiteFideId "12989606"]
[BlackFideId "16205820"]
[EventDate "2017.07.15"]

1. d4 Nf6 2. c4 c5 3. d5 e5 4. Nc3 d6 5. e4 Be7 6. Bd3 O-O 7. h3 Ne8 8. Nf3 Nd7
9. a3 Kh8 10. g4 Rb8 11. Qe2 Nc7 12. g5 Re8 13. g6 fxg6 14. h4 Nf6 15. Ng5 Rf8
16. Bd2 Nh5 17. O-O-O a6 18. Rdg1 Qe8 19. f4 Nxf4 20. Bxf4 Rxf4 21. h5 Bxg5 22.
Rxg5 gxh5 23. Rgxh5 h6 24. Qh2 Qg6 25. Ne2 Rg4 26. b4 b6 27. Rf1 Bd7 28. Kd1 Rb7
29. Rh4 Rg2 30. Qh1 cxb4 31. axb4 b5 32. c5 Nxd5 33. exd5 Qxd3+ 34. Kc1 Qe3+ 35.
Kb1 Rxe2 36. Qf3 Re1+ 37. Kb2 Qd2+ 38. Kb3 Re3+ 0-1

[Event "Helmut-Kohls-Turnier 2017"]
[Site "Dortmund GER"]
[Date "2017.07.15"]
[Round "1.3"]
[White "Niermann, Tristan"]
[Black "Kokje, Joris"]
[Result "1/2-1/2"]
[WhiteElo "2315"]
[BlackElo "2112"]
[WhiteFideId "12990698"]
[BlackFideId "1051024"]
[EventDate "2017.07.15"]

1. e4 c5 2. Nf3 d6 3. Bb5+ Nc6 4. O-O Bd7 5. Qe2 a6 6. Bxc6 Bxc6 7. d4 cxd4 8.
Nxd4 e5 9. Nxc6 bxc6 10. c4 Nf6 11. Nc3 Be7 12. Rd1 Qc8 13. b3 O-O 14. Ba3 Rd8
15. Rd3 Qe6 16. Rad1 g6 17. R1d2 Nh5 18. g3 Ng7 19. Qd1 Ne8 20. f4 exf4 21. gxf4
Nf6 22. Bxd6 Bxd6 23. Rxd6 Rxd6 24. Rxd6 Qe7 25. e5 Nh5 26. Qf3 Qh4 27. Rxc6
Nxf4 28. Qg3 Qh6 29. Kf1 Re8 30. Nd5 Nxd5 31. cxd5 Qh5 32. Qc3 Rxe5 33. Rc8+ Kg7
34. Re8 Qf5+ 35. Kg1 Qg4+ 36. Kf1 1/2-1/2

[Event "Helmut-Kohls-Turnier 2017"]
[Site "Dortmund GER"]
[Date "2017.07.15"]
[Round "1.4"]
[White "Kruse, Janik"]
[Black "Kistrup, Nicolai"]
[Result "1-0"]
[WhiteElo "2071"]
[BlackElo "2177"]
[WhiteFideId "16200250"]
[BlackFideId "1444816"]
[EventDate "2017.07.15"]

1. e4 e5 2. Nf3 Nc6 3. Bc4 Nf6 4. Ng5 d5 5. exd5 Na5 6. Bb5+ c6 7. dxc6 bxc6 8.
Qf3 Be7 9. Nc3 O-O 10. Bd3 h6 11. Nge4 Nd5 12. Ng3 Nb7 13. Nf5 Bxf5 14. Qxf5 g6
15. Qf3 f5 16. Bc4 e4 17. Qh3 Bg5 18. O-O Kh7 19. d3 Nxc3 20. bxc3 Bxc1 21.
Raxc1 Nd6 22. Bb3 Qf6 23. d4 g5 24. f3 Rae8 25. Rce1 exf3 26. Rxe8 Rxe8 27. Qxf3
Re4 28. Ba4 Rf4 29. Qxc6 Rxf1+ 30. Kxf1 Kg6 31. Qd5 Ne4 32. Be8+ Kg7 33. c4 Qe7
34. Qd7 Nd2+ 35. Kf2 Qxd7 36. Bxd7 f4 37. c5 Kf6 38. Ke2 Nc4 39. Kd3 Ne3 40. Bc6
Nf5 41. c4 g4 42. Be4 Ne7 43. d5 Ng8 44. d6 h5 45. c6 Ke6 46. c7 1-0

[Event "Helmut-Kohls-Turnier 2017"]
[Site "Dortmund GER"]
[Date "2017.07.15"]
[Round "1.5"]
[White "Salem Elier, Ali"]
[Black "Borchert, Rene"]
[Result "0-1"]
[WhiteElo "1965"]
[BlackElo "2202"]
[WhiteFideId "16217543"]
[BlackFideId "12990671"]
[EventDate "2017.07.15"]

1. e4 e5 2. Nf3 Nc6 3. Bc4 Bc5 4. b4 Bxb4 5. c3 Be7 6. d4 Na5 7. Be2 exd4 8.
Qxd4 d5 9. Ba3 Bxa3 10. Nxa3 Nf6 11. e5 Ne4 12. Rd1 Be6 13. c4 c6 14. cxd5 cxd5
15. Qa4+ Nc6 16. Nd4 O-O 17. Nxc6 bxc6 18. O-O Nc3 19. Qc2 Nxd1 20. Rxd1 Qa5 21.
Bd3 g6 22. Nb1 c5 0-1

[Event "Helmut-Kohls-Turnier 2017"]
[Site "Dortmund GER"]
[Date "2017.07.16"]
[Round "2.1"]
[White "Stemmler, Fabian"]
[Black "Borchert, Rene"]
[Result "1-0"]
[WhiteElo "1972"]
[BlackElo "2202"]
[WhiteFideId "12964808"]
[BlackFideId "12990671"]
[EventDate "2017.07.15"]

1. d4 Nf6 2. Bf4 d5 3. e3 c5 4. c3 Nc6 5. Nd2 Bf5 6. Qb3 Qb6 7. dxc5 Qxb3 8.
axb3 e5 9. Bg3 Bxc5 10. b4 Bd6 11. Ngf3 Nd7 12. b5 Ne7 13. Be2 f6 14. O-O Bc5
15. Nb3 Bb6 16. Na5 Nc5 17. Nd2 h5 18. b4 Ne4 19. Nxe4 Bxe4 20. f3 Bxe3+ 21. Bf2
Bxf2+ 22. Kxf2 Bg6 23. Nxb7 O-O 24. Ra6 Nc8 25. Rd1 Bf7 26. Nd6 Nxd6 27. Rxd6
Rfc8 28. Rc6 Be8 29. Rxc8 Rxc8 30. Rxd5 Rxc3 31. Rc5 Rb3 1-0

[Event "Helmut-Kohls-Turnier 2017"]
[Site "Dortmund GER"]
[Date "2017.07.16"]
[Round "2.2"]
[White "Kistrup, Nicolai"]
[Black "Salem Elier, Ali"]
[Result "1-0"]
[WhiteElo "2177"]
[BlackElo "1965"]
[WhiteFideId "1444816"]
[BlackFideId "16217543"]
[EventDate "2017.07.15"]

1. d4 d5 2. c4 e6 3. Nc3 c5 4. cxd5 cxd4 5. Qa4+ Bd7 6. Qxd4 exd5 7. Qxd5 Nf6 8.
Qd1 Bc5 9. Nf3 Nc6 10. e3 Qe7 11. Be2 O-O-O 12. O-O g5 13. a3 Rdg8 14. b4 Bd6
15. Bb2 Ne5 16. Rc1 Kb8 17. Nd5 Nxd5 18. Qxd5 Bc6 19. Qxd6+ 1-0

[Event "Helmut-Kohls-Turnier 2017"]
[Site "Dortmund GER"]
[Date "2017.07.16"]
[Round "2.3"]
[White "Kokje, Joris"]
[Black "Kruse, Janik"]
[Result "1-0"]
[WhiteElo "2112"]
[BlackElo "2071"]
[WhiteFideId "1051024"]
[BlackFideId "16200250"]
[EventDate "2017.07.15"]

1. d4 d5 2. c4 c6 3. Nf3 Nf6 4. g3 Bg4 5. Ne5 Bh5 6. Bg2 e6 7. O-O Nbd7 8. Nc3
Nxe5 9. dxe5 Nd7 10. cxd5 exd5 11. h3 Bc5 12. g4 Bg6 13. Bf4 Qe7 14. e4 d4 15.
Na4 Rd8 16. Bg3 f6 17. Nxc5 Nxc5 18. exf6 gxf6 19. b4 Na6 20. a3 O-O 21. Re1 Nc7
22. Qd2 Nb5 23. f4 Rfe8 24. f5 Bf7 25. e5 Bd5 26. Bh4 1-0

[Event "Helmut-Kohls-Turnier 2017"]
[Site "Dortmund GER"]
[Date "2017.07.16"]
[Round "2.4"]
[White "Kueppers, Timo"]
[Black "Niermann, Tristan"]
[Result "1-0"]
[WhiteElo "2033"]
[BlackElo "2315"]
[WhiteFideId "16205820"]
[BlackFideId "12990698"]
[EventDate "2017.07.15"]

1. e4 e5 2. Nf3 Nc6 3. Bb5 a6 4. Ba4 Nf6 5. O-O Be7 6. Re1 b5 7. Bb3 d6 8. c3
O-O 9. h3 Na5 10. Bc2 c5 11. d4 Nd7 12. Nbd2 exd4 13. cxd4 Nc6 14. d5 Nce5 15.
Nh2 Ng6 16. Ndf1 Bg5 17. Ne3 Nde5 18. a4 Bd7 19. Nhg4 Nxg4 20. hxg4 Ne5 21. Nf5
Bxf5 22. gxf5 Bxc1 23. Qxc1 Qh4 24. Ra3 Qf6 25. Rg3 bxa4 26. f4 Nc4 27. e5 dxe5
28. Rc3 Nxb2 29. fxe5 Qb6 30. f6 c4+ 31. Kh2 h6 32. Rg3 g5 33. Rxg5+ 1-0

[Event "Helmut-Kohls-Turnier 2017"]
[Site "Dortmund GER"]
[Date "2017.07.16"]
[Round "2.5"]
[White "Nguyen, Kevin"]
[Black "Korten, Lando"]
[Result "1-0"]
[WhiteElo "2194"]
[BlackElo "2146"]
[WhiteFideId "1046349"]
[BlackFideId "12989606"]
[EventDate "2017.07.15"]

1. e4 c5 2. Nc3 Nc6 3. Bb5 g6 4. Bxc6 bxc6 5. f4 d5 6. e5 d4 7. Ne4 Qd5 8. d3 f5
9. exf6 Nxf6 10. Qe2 Bg7 11. Nf3 O-O 12. O-O Nh5 13. Nh4 Nf6 14. Nf3 Nh5 15. Nh4
Nf6 16. Bd2 Ba6 17. Ng5 e5 18. Qxe5 Rae8 19. Qxd5+ Nxd5 20. f5 gxf5 21. Nxf5 Ne3
22. Bxe3 Rxf5 23. Rxf5 dxe3 24. Ne4 c4 25. Nf6+ Bxf6 26. Rxf6 cxd3 27. cxd3 Bxd3
28. Re1 e2 29. Kf2 c5 30. b3 a5 31. Rf3 c4 32. Rc1 a4 33. Ke1 axb3 34. axb3 Be4
35. Rg3+ Kf7 36. bxc4 Bg6 37. Rf3+ Kg7 38. c5 Bh5 39. Rf5 Kh6 40. Rxh5+ Kxh5 41.
c6 Kg4 42. c7 Rc8 43. Kxe2 Kf4 44. Rc4+ Ke5 45. Kf3 Kd5 46. Rc2 Ke5 47. Kg4 Kf6
48. Kh5 Kg7 49. Rc6 Kf7 50. Kh6 Kg8 51. h3 Kh8 52. Rb6 1-0

[Event "Helmut-Kohls-Turnier 2017"]
[Site "Dortmund GER"]
[Date "2017.07.17"]
[Round "3.1"]
[White "Korten, Lando"]
[Black "Stemmler, Fabian"]
[Result "1-0"]
[WhiteElo "2146"]
[BlackElo "1972"]
[WhiteFideId "12989606"]
[BlackFideId "12964808"]
[EventDate "2017.07.15"]

1. d4 e6 2. c4 Nf6 3. Nc3 Bb4 4. e3 O-O 5. Ne2 c6 6. Qc2 d5 7. b3 Re8 8. Bb2
Nbd7 9. Ng3 e5 10. Be2 exd4 11. exd4 c5 12. O-O dxc4 13. Bxc4 cxd4 14. Nb5 Ne5
15. Bxd4 a6 16. Bxe5 Rxe5 17. Rad1 Qe7 18. Nd4 Bd7 19. f4 Rc5 20. a3 Bxa3 21.
Rfe1 Qf8 22. Ne4 Nxe4 23. Qxe4 Re8 24. Qxb7 Bg4 25. Qxf7+ 1-0

[Event "Helmut-Kohls-Turnier 2017"]
[Site "Dortmund GER"]
[Date "2017.07.17"]
[Round "3.2"]
[White "Niermann, Tristan"]
[Black "Nguyen, Kevin"]
[Result "0-1"]
[WhiteElo "2315"]
[BlackElo "2194"]
[WhiteFideId "12990698"]
[BlackFideId "1046349"]
[EventDate "2017.07.15"]

1. d4 Nf6 2. c4 g6 3. f3 Bg7 4. e4 O-O 5. Nc3 Nc6 6. Be3 e5 7. d5 Nd4 8. Nge2 c5
9. dxc6 dxc6 10. Nxd4 exd4 11. Qxd4 Nd5 12. Qd2 Nxe3 13. Qxe3 f5 14. Rd1 Qa5 15.
Be2 fxe4 16. fxe4 Be6 17. Rf1 Rae8 18. Rd2 Bf6 19. Qd3 Bg5 20. Rc2 Qe5 21. g3
Qc5 22. a3 Bh3 23. b4 Qe5 24. Rf3 Bg2 25. Rxf8+ Rxf8 26. c5 Bh3 27. Qd6 Qg7 28.
Qd1 Be6 29. h4 Rd8 30. Bd3 Be3 31. Ne2 Qf6 32. Nf4 Bxf4 33. gxf4 Qxf4 34. Qe2
Bg4 35. Qf1 Qe3+ 36. Be2 Qxe4 37. Rd2 Qb1+ 38. Bd1 Re8+ 0-1

[Event "Helmut-Kohls-Turnier 2017"]
[Site "Dortmund GER"]
[Date "2017.07.17"]
[Round "3.3"]
[White "Kruse, Janik"]
[Black "Kueppers, Timo"]
[Result "0-1"]
[WhiteElo "2071"]
[BlackElo "2033"]
[WhiteFideId "16200250"]
[BlackFideId "16205820"]
[EventDate "2017.07.15"]

1. c4 c5 2. Nc3 Nc6 3. e3 e5 4. Nf3 Nf6 5. d4 cxd4 6. exd4 e4 7. Ne5 Bb4 8. Bg5
Qa5 9. Nxc6 Bxc3+ 10. bxc3 Qxg5 11. Nb4 O-O 12. Qe2 Re8 13. Qe3 Qf5 14. Be2 b6
15. O-O Bb7 16. Nc2 d5 17. Qg3 Rac8 18. Ne3 Qd7 19. Rab1 Ba6 20. Rb4 dxc4 21.
Bxc4 Bxc4 22. Rxc4 Rxc4 23. Nxc4 Qd5 24. Qc7 Rf8 25. Ne5 Qxa2 26. c4 Qb2 27. Nc6
a5 28. d5 Ne8 29. Qe7 Qf6 30. Qxe4 Nd6 31. Qc2 Re8 32. c5 bxc5 33. Qxc5 a4 34.
Qa5 Qf4 35. Nb4 Rb8 36. Nd3 Qc4 37. Nb2 Qb4 38. Qxb4 Rxb4 39. Nd3 Rd4 40. Rb1 g6
41. Nb4 Kg7 42. g3 Ne4 43. Kg2 Kf6 44. Nc2 Rd2 45. Kf3 Ng5+ 46. Kg4 h5+ 0-1

[Event "Helmut-Kohls-Turnier 2017"]
[Site "Dortmund GER"]
[Date "2017.07.17"]
[Round "3.4"]
[White "Salem Elier, Ali"]
[Black "Kokje, Joris"]
[Result "0-1"]
[WhiteElo "1965"]
[BlackElo "2112"]
[WhiteFideId "16217543"]
[BlackFideId "1051024"]
[EventDate "2017.07.15"]

1. e4 c5 2. d4 cxd4 3. c3 Nf6 4. e5 Nd5 5. Nf3 Nc6 6. Bc4 Nb6 7. Bb3 d5 8. exd6
Qxd6 9. O-O Be6 10. Na3 dxc3 11. Nb5 Qxd1 12. Rxd1 Rc8 13. bxc3 Bxb3 14. axb3 a6
15. Be3 Nd7 16. Nbd4 Nxd4 17. Rxd4 e6 18. Rad1 Nf6 19. Bg5 Be7 20. Bxf6 Bxf6 21.
Rd7 Rd8 22. Rxd8+ Bxd8 23. g4 Bc7 24. Ng5 Be5 25. Ne4 Ke7 26. Nc5 Rc8 27. b4 Rc7
28. Rd3 a5 29. g5 b6 30. Ne4 a4 31. b5 a3 32. Rd1 Bxc3 0-1

[Event "Helmut-Kohls-Turnier 2017"]
[Site "Dortmund GER"]
[Date "2017.07.17"]
[Round "3.5"]
[White "Borchert, Rene"]
[Black "Kistrup, Nicolai"]
[Result "1/2-1/2"]
[WhiteElo "2202"]
[BlackElo "2177"]
[WhiteFideId "12990671"]
[BlackFideId "1444816"]
[EventDate "2017.07.15"]

1. e4 e5 2. Nf3 Nc6 3. Bc4 Bc5 4. c3 Nf6 5. d3 O-O 6. O-O a6 7. a4 d6 8. Bg5 Be6
9. Nbd2 Qe7 10. Re1 Ba7 11. a5 Rae8 12. Qb3 Nd8 13. d4 Bxc4 14. Qxc4 Ne6 15. Bh4
Nf4 16. g3 Ng6 17. Bxf6 gxf6 18. h4 Qd7 19. h5 Ne7 20. Nh4 c6 21. Ndf3 Kh8 22.
Kg2 exd4 23. cxd4 d5 24. Qb3 dxe4 25. Rxe4 Nd5 26. Rae1 Rxe4 27. Rxe4 Bb8 28.
Qc2 Rg8 29. Re1 Nf4+ 30. Kg1 Nxh5 31. Qf5 Qxf5 32. Nxf5 Ng7 33. Nh6 Ne6 34. Nxg8
Kxg8 35. Nh4 Bc7 36. b4 Nxd4 37. Rd1 Ne6 38. Nf5 Kf8 39. Kg2 Ke8 40. f4 c5 41.
Nd6+ Bxd6 42. Rxd6 cxb4 43. Rb6 Nd8 44. Rxb4 Nc6 45. Rxb7 Nxa5 46. Rb6 Ke7 47.
Rxa6 Nc4 48. Ra8 Nb6 49. Rh8 Nd7 50. Rxh7 Kf8 51. Rh8+ Kg7 52. Rc8 Nf8 53. Kf3
Ng6 54. Rc5 Ne7 55. Ke4 Ng8 56. Rc8 Nh6 57. Ra8 Ng4 58. Ra5 Nh6 59. Rh5 Ng8 60.
g4 Ne7 61. Rc5 Ng8 62. Kf3 Ne7 63. Kg3 Ng6 64. Rc7 Nf8 65. f5 Nh7 66. Kh4 Ng5
67. Kh5 Ne4 68. Rc4 Ng5 69. Kh4 Nf3+ 70. Kg3 Ng5 71. Ra4 Nh7 72. Kf4 Ng5 73. Ra3
Nh7 74. Rh3 Ng5 75. Rh5 Nh7 76. Ke4 Nf8 77. g5 Nh7 78. Rxh7+ Kxh7 79. gxf6 Kh6
80. Kd5 Kg5 81. Ke5 Kg4 82. Ke4 1/2-1/2

[Event "Helmut-Kohls-Turnier 2017"]
[Site "Dortmund GER"]
[Date "2017.07.18"]
[Round "4.1"]
[White "Stemmler, Fabian"]
[Black "Kistrup, Nicolai"]
[Result "1-0"]
[WhiteElo "1972"]
[BlackElo "2177"]
[WhiteFideId "12964808"]
[BlackFideId "1444816"]
[EventDate "2017.07.15"]

1. d4 Nf6 2. Bg5 d5 3. e3 c5 4. Bxf6 exf6 5. Nc3 Be6 6. Nge2 Nc6 7. g3 cxd4 8.
Nxd4 Bb4 9. Qd3 Qa5 10. Nxc6 bxc6 11. Bg2 Rb8 12. O-O Bxc3 13. Qxc3 Qxc3 14.
bxc3 Kd7 15. e4 Kd6 16. Rfd1 Kc5 17. Rd4 Rb2 18. exd5 cxd5 19. Rad1 Rd8 20. c4
Rxa2 21. cxd5 Bf5 22. R4d2 a5 23. d6 Be6 24. d7 a4 25. Rd6 Kb4 26. Rb1+ Kc5 27.
Rc6+ Kd4 28. Rd1+ Ke5 29. Rc5+ Bd5 30. Rcxd5+ Ke6 31. Re1# 1-0

[Event "Helmut-Kohls-Turnier 2017"]
[Site "Dortmund GER"]
[Date "2017.07.18"]
[Round "4.2"]
[White "Kokje, Joris"]
[Black "Borchert, Rene"]
[Result "1/2-1/2"]
[WhiteElo "2112"]
[BlackElo "2202"]
[WhiteFideId "1051024"]
[BlackFideId "12990671"]
[EventDate "2017.07.15"]

1. d4 Nf6 2. c4 e6 3. Nf3 d5 4. g3 Be7 5. Bg2 O-O 6. O-O dxc4 7. Qc2 a6 8. a4
Bd7 9. Qxc4 Bc6 10. Bg5 Nbd7 11. Nc3 h6 12. Bxf6 Nxf6 13. Rfe1 Bxf3 14. Bxf3 c6
15. a5 Nd5 16. e4 Nxc3 17. bxc3 Qc7 18. e5 Rab8 19. Be4 Rfd8 20. h4 c5 21. h5
Qd7 22. dxc5 Qc8 23. c6 bxc6 24. Bd3 Rd5 25. Qe4 f5 26. exf6 Bxf6 27. Qh7+ Kf8
28. Bc4 Bxc3 29. Rab1 Rxb1 30. Rxb1 Rd8 31. Rb3 Bd4 32. Qg6 Bf6 33. Qe4 Rd4 34.
Qe2 e5 35. Bxa6 Qg4 36. Qxg4 Rxg4 37. Bb7 Ra4 38. Bxc6 Rxa5 39. Rb7 e4 40. Bxe4
Rxh5 41. f4 Rc5 42. Bg6 Rc6 43. Kg2 Bd8 44. Be4 Rc7 45. Rxc7 1/2-1/2

[Event "Helmut-Kohls-Turnier 2017"]
[Site "Dortmund GER"]
[Date "2017.07.18"]
[Round "4.3"]
[White "Kueppers, Timo"]
[Black "Salem Elier, Ali"]
[Result "0-1"]
[WhiteElo "2033"]
[BlackElo "1965"]
[WhiteFideId "16205820"]
[BlackFideId "16217543"]
[EventDate "2017.07.15"]

1. c4 e6 2. g3 Nf6 3. Bg2 d5 4. Nf3 Be7 5. O-O c5 6. b3 Nc6 7. Bb2 O-O 8. e3 b6
9. Nc3 Bb7 10. d3 Rc8 11. Qe2 Qc7 12. Rad1 Qb8 13. Ne1 Rfd8 14. Nf3 Qa8 15. cxd5
Nxd5 16. Nxd5 Rxd5 17. h4 Rd7 18. Kh2 Rcd8 19. Bh1 Qc8 20. Ne5 Nxe5 21. Bxb7
Qxb7 22. Bxe5 Qa6 23. Rd2 f6 24. Ba1 Rxd3 25. Rfd1 c4 26. bxc4 Rxd2 27. Rxd2
Rxd2 28. Qxd2 Qxc4 29. Qd7 Kf7 30. Qxa7 Qf1 31. Bd4 Qxf2+ 32. Kh1 Qxg3 33. Bxb6
Qxh4+ 34. Kg2 Qg5+ 35. Kf2 h5 36. a4 h4 37. a5 Qg3+ 38. Kf1 Qf3+ 39. Ke1 h3 40.
Bc7 Bb4# 0-1

[Event "Helmut-Kohls-Turnier 2017"]
[Site "Dortmund GER"]
[Date "2017.07.18"]
[Round "4.4"]
[White "Nguyen, Kevin"]
[Black "Kruse, Janik"]
[Result "0-1"]
[WhiteElo "2194"]
[BlackElo "2071"]
[WhiteFideId "1046349"]
[BlackFideId "16200250"]
[EventDate "2017.07.15"]

1. e4 c6 2. d3 d5 3. Nd2 e5 4. Ngf3 Bd6 5. g3 Nf6 6. Bg2 O-O 7. O-O Re8 8. Re1
Nbd7 9. Nf1 dxe4 10. dxe4 Bf8 11. N3d2 Nc5 12. Ne3 g6 13. b3 Qd4 14. Rb1 Nfxe4
15. Nxe4 Nxe4 16. Bb2 Nc3 17. Qf3 Qc5 18. Ng4 Bxg4 19. Qxc3 Qxc3 20. Bxc3 f6 21.
h3 Be6 22. a4 Bd5 23. Bf1 a5 24. Rbd1 Bb4 25. Bxb4 axb4 26. Rd2 Kf8 27. Ra1 Ke7
28. Re1 Rad8 29. Rd4 c5 30. Rh4 h5 31. g4 hxg4 32. Rh7+ Ke6 33. hxg4 Rh8 34. Rh3
Rxh3 35. Bxh3 Rh8 36. Kh2 f5 37. gxf5+ gxf5 38. Rd1 Bf3 39. Rd3 Bg4 40. Kg2 Rxh3
41. f3 Rxf3 0-1

[Event "Helmut-Kohls-Turnier 2017"]
[Site "Dortmund GER"]
[Date "2017.07.18"]
[Round "4.5"]
[White "Korten, Lando"]
[Black "Niermann, Tristan"]
[Result "0-1"]
[WhiteElo "2146"]
[BlackElo "2315"]
[WhiteFideId "12989606"]
[BlackFideId "12990698"]
[EventDate "2017.07.15"]

1. d4 d5 2. c4 c6 3. Nc3 Nf6 4. e3 Bf5 5. cxd5 cxd5 6. Qb3 Nc6 7. Qxb7 Bd7 8.
Nb5 Rc8 9. Bd3 e6 10. Bd2 Nb4 11. Bxb4 Bxb4+ 12. Ke2 O-O 13. Nc3 Rb8 14. Qa6 e5
15. dxe5 Ne4 16. f3 Bxc3 17. bxc3 Rb2+ 18. Bc2 Bb5+ 19. Qxb5 Nxc3+ 0-1

[Event "Helmut-Kohls-Turnier 2017"]
[Site "Dortmund GER"]
[Date "2017.07.19"]
[Round "5.1"]
[White "Niermann, Tristan"]
[Black "Stemmler, Fabian"]
[Result "1-0"]
[WhiteElo "2315"]
[BlackElo "1972"]
[WhiteFideId "12990698"]
[BlackFideId "12964808"]
[EventDate "2017.07.15"]

1. d4 e6 2. c4 f5 3. g3 Nf6 4. Bg2 Be7 5. Nf3 d6 6. Nc3 O-O 7. O-O Ne4 8. Qc2
Nxc3 9. bxc3 Nc6 10. e4 e5 11. d5 Nb8 12. c5 Na6 13. cxd6 cxd6 14. Ba3 f4 15.
gxf4 Rxf4 16. Ne1 g5 17. c4 b6 18. Bb2 Qe8 19. Nd3 Rf6 20. Nxe5 dxe5 21. Bxe5
Rh6 22. Bg3 Bc5 23. e5 Bh3 24. Bxh3 Rxh3 25. Qf5 Qh5 26. Qe6+ Kh8 27. Qf6+ Kg8
28. Qe6+ Kh8 29. Kg2 Rxg3+ 30. hxg3 Rf8 31. f3 Nc7 32. Qg4 Qg6 33. Qe4 Qf7 34.
Rh1 Ne8 35. Rh6 Nd6 36. exd6 Qg7 37. Rxh7+ Qxh7 38. Rh1 Qxh1+ 39. Kxh1 Bxd6 40.
Qg6 Bc5 41. Qh6+ 1-0

[Event "Helmut-Kohls-Turnier 2017"]
[Site "Dortmund GER"]
[Date "2017.07.19"]
[Round "5.2"]
[White "Kruse, Janik"]
[Black "Korten, Lando"]
[Result "1-0"]
[WhiteElo "2071"]
[BlackElo "2146"]
[WhiteFideId "16200250"]
[BlackFideId "12989606"]
[EventDate "2017.07.15"]

1. e4 Nc6 2. Nf3 f5 3. exf5 Nh6 4. d4 d5 5. Bxh6 gxh6 6. Bd3 Bg7 7. c3 O-O 8.
Qc2 Qe8 9. Nbd2 e5 10. fxe6 Qxe6+ 11. Kd1 Kh8 12. Bxh7 Rf6 13. Re1 Qf7 14. Re3
b5 15. Ke2 b4 16. Re1 h5 17. Kd1 Bg4 18. Bd3 bxc3 19. bxc3 h4 20. h3 Bh5 21. Be2
Bg6 22. Bd3 Bh5 23. Bb5 Rb8 24. Qa4 Qg6 25. Be2 Qxg2 26. Nxh4 Qxf2 27. Bxh5 Qxh4
28. Bg4 Rb6 29. Re8+ Bf8 30. Qc2 Na5 31. Nf3 Qh6 32. R1e5 Rxf3 33. Bxf3 Qg7 34.
Rh5+ Rh6 35. Rxh6+ Qxh6 36. Qf5 1-0

[Event "Helmut-Kohls-Turnier 2017"]
[Site "Dortmund GER"]
[Date "2017.07.19"]
[Round "5.3"]
[White "Salem Elier, Ali"]
[Black "Nguyen, Kevin"]
[Result "0-1"]
[WhiteElo "1965"]
[BlackElo "2194"]
[WhiteFideId "16217543"]
[BlackFideId "1046349"]
[EventDate "2017.07.15"]

1. e4 g6 2. d4 Bg7 3. f4 d6 4. Nf3 Nd7 5. Bc4 e6 6. O-O Ne7 7. Qe2 O-O 8. Be3 c5
9. c3 d5 10. exd5 exd5 11. Bd3 cxd4 12. Bxd4 Nf6 13. Nbd2 Nc6 14. Nb3 Re8 15.
Qc2 Nxd4 16. Nbxd4 Ng4 17. Rfe1 Bd7 18. Rxe8+ Bxe8 19. Re1 Qc7 20. h3 Nf6 21. f5
Bd7 22. Re7 Qd6 23. Qe2 Ne4 24. Rxe4 dxe4 25. Qxe4 Qb6 26. Kh2 Re8 27. Qf4 Rc8
28. Ng5 Qc7 29. Qxc7 Rxc7 30. fxg6 hxg6 31. Ngf3 Rc5 32. g4 Be5+ 33. Kg1 Bf4 34.
Ne2 Be3+ 35. Kg2 Bc6 36. Kg3 Rd5 37. Nfd4 Kg7 38. h4 Kg8 39. Bc2 Bd2 40. Nf4
Be1+ 41. Kh3 Re5 42. Ng2 Bxg2+ 43. Kxg2 Bxh4 44. Bd3 Bf6 0-1

[Event "Helmut-Kohls-Turnier 2017"]
[Site "Dortmund GER"]
[Date "2017.07.19"]
[Round "5.4"]
[White "Borchert, Rene"]
[Black "Kueppers, Timo"]
[Result "1-0"]
[WhiteElo "2202"]
[BlackElo "2033"]
[WhiteFideId "12990671"]
[BlackFideId "16205820"]
[EventDate "2017.07.15"]

1. e4 c5 2. c3 Nf6 3. e5 Nd5 4. d4 cxd4 5. Nf3 Nc6 6. cxd4 d6 7. Bc4 dxe5 8.
dxe5 Ndb4 9. Qxd8+ Nxd8 10. Na3 Bg4 11. Bd2 Bxf3 12. gxf3 e6 13. O-O Ndc6 14. f4
O-O-O 15. Rfd1 Nd3 16. Bxd3 Rxd3 17. Nb5 a6 18. Nc3 Bb4 19. Be3 Rxd1+ 20. Rxd1
Bxc3 21. bxc3 Rd8 22. Rxd8+ Kxd8 23. Kg2 Kd7 24. Kf3 Ne7 25. Ke4 Kc6 26. c4 Nf5
27. a3 b5 28. Kd3 Nh4 29. cxb5+ Kxb5 30. h3 Nf5 31. Kc3 Nh4 32. Kd3 Ka4 33. Bc5
Ng2 34. Ke4 Ne1 35. f5 Nc2 36. Bf8 g6 37. fxe6 fxe6 38. Kf4 Nxa3 39. Kg5 Nc2 40.
Kf6 Nd4 41. Bc5 Nb3 42. Be3 Kb4 43. Kxe6 a5 44. Kd5 a4 45. Bh6 1-0

[Event "Helmut-Kohls-Turnier 2017"]
[Site "Dortmund GER"]
[Date "2017.07.19"]
[Round "5.5"]
[White "Kistrup, Nicolai"]
[Black "Kokje, Joris"]
[Result "0-1"]
[WhiteElo "2177"]
[BlackElo "2112"]
[WhiteFideId "1444816"]
[BlackFideId "1051024"]
[EventDate "2017.07.15"]

1. d4 f5 2. g3 Nf6 3. Bg2 g6 4. c4 Bg7 5. Nc3 O-O 6. Nf3 d6 7. O-O c6 8. Qc2 Qc7
9. b3 a5 10. Rd1 Na6 11. a3 e5 12. dxe5 dxe5 13. Bb2 Nc5 14. b4 Na6 15. b5 Nc5
16. bxc6 bxc6 17. Na4 Nfe4 18. Nd2 Nxa4 19. Qxa4 Qb6 20. Nxe4 fxe4 21. Rab1
Qxf2+ 22. Kh1 Bg4 23. Qxc6 Bxe2 24. Qd5+ Kh8 25. Bxe5 Bxd1 26. Rxd1 Rae8 27.
Bxg7+ Kxg7 28. Bxe4 Qe2 29. Bg2 Rf2 30. Qd4+ Re5 31. Qd7+ Kh6 32. Rc1 Qe1+ 33.
Rxe1 Rxe1+ 34. Bf1 Rexf1# 0-1